| 000 | 00339nam a2200133Ia 4500 | ||
|---|---|---|---|
| 005 | 20260326235450.0 | ||
| 008 | 260326s9999||||xx |||||||||||||| ||und|| | ||
| 100 | _aFry, Maxwell | ||
| 245 | 0 |
_aTropical Architecture in the humid zone / _cMaxwell Fry |
|
| 260 | _bReinhold | ||
| 300 | _a320 p. | ||
| 650 | _aARQUITECTURA Y CLIMA | ||
| 942 | _cBK | ||
| 999 |
_c7711 _d7711 |
||